Zunz in Prag: ein vergessenes Kapitel in der jüdischen Kultreform = "The City, Where He Preached Only Four Times" : Leopold Zunz in Prague

The paper addresses an under-researched chapter in the history of the Jewish Reform movement which is at the same time a commonly overlooked period in the biography of Leopold Zunz (1794-1886), one of the founding members of Wissenschaft des Judentums . By placing his eight-month appointment as a pr...

Full description

Saved in:  
Bibliographic Details
Subtitles:"The City, Where He Preached Only Four Times"
Main Author: Hecht, Louise 1961- (Author)
Format: Electronic Article
Language:German
Check availability: HBZ Gateway
Interlibrary Loan:Interlibrary Loan for the Fachinformationsdienste (Specialized Information Services in Germany)
Published: 2021
In: Aschkenas
Year: 2021, Volume: 31, Issue: 2, Pages: 345-374
Online Access: Volltext (lizenzpflichtig)
Volltext (lizenzpflichtig)

MARC

LEADER 00000caa a22000002c 4500
001 1789575125
003 DE-627
005 20250530001023.0
007 cr uuu---uuuuu
008 220215s2021 xx |||||o 00| ||ger c
024 7 |a 10.1515/asch-2021-0009  |2 doi 
035 |a (DE-627)1789575125 
035 |a (DE-599)KXP1789575125 
040 |a DE-627  |b ger  |c DE-627  |e rda 
041 |a ger 
084 |a 0  |a 1  |2 ssgn 
100 1 |e VerfasserIn  |0 (DE-588)1084354799  |0 (DE-627)848526392  |0 (DE-576)456297618  |4 aut  |a Hecht, Louise  |d 1961- 
109 |a Hecht, Louise 1961- 
245 1 0 |a Zunz in Prag  |b ein vergessenes Kapitel in der jüdischen Kultreform = "The City, Where He Preached Only Four Times" : Leopold Zunz in Prague 
246 3 1 |a "The City, Where He Preached Only Four Times"  |b Leopold Zunz in Prague 
264 1 |c 2021 
336 |a Text  |b txt  |2 rdacontent 
337 |a Computermedien  |b c  |2 rdamedia 
338 |a Online-Ressource  |b cr  |2 rdacarrier 
520 |a The paper addresses an under-researched chapter in the history of the Jewish Reform movement which is at the same time a commonly overlooked period in the biography of Leopold Zunz (1794-1886), one of the founding members of Wissenschaft des Judentums . By placing his eight-month appointment as a preacher to the Reform synagogue in Prague in its socio-political and biographical contexts, the article sheds new light at Zunz's commitment for the religious renewal of Judaism. A schematic comparison between the development of the Reform movement in the German lands and the Habsburg Monarchy, at the beginning of the nineteenth century highlights the role of state involvement into internal Jewish affairs. Finally, the analysis of Zunz's Synagogenordnung from 1836, according to the original manuscript from the National Library of Israel, allows a re-evaluation of the (Reform) synagogue as an institution for social disciplining of its members. 
601 |a Zunz, Leopold 
601 |a Vergessen 
601 |a Kapitel 
773 0 8 |i Enthalten in  |t Aschkenas  |d Berlin : De Gruyter, 1991  |g 31(2021), 2, Seite 345-374  |h Online-Ressource  |w (DE-627)331636638  |w (DE-600)2052844-9  |w (DE-576)303576820  |x 1865-9438  |7 nnas 
773 1 8 |g volume:31  |g year:2021  |g number:2  |g pages:345-374 
856 4 0 |u https://doi.org/10.1515/asch-2021-0009  |x Resolving-System  |z lizenzpflichtig  |3 Volltext  |7 1 
856 4 0 |u https://www.degruyterbrill.com/document/doi/10.1515/asch-2021-0009/html  |x Verlag  |z lizenzpflichtig  |3 Volltext  |7 1 
951 |a AR 
ELC |a 1 
ITA |a 1  |t 1 
LOK |0 000 xxxxxcx a22 zn 4500 
LOK |0 001 4059810991 
LOK |0 003 DE-627 
LOK |0 004 1789575125 
LOK |0 005 20220215075418 
LOK |0 008 220215||||||||||||||||ger||||||| 
LOK |0 040   |a DE-Tue135  |c DE-627  |d DE-Tue135 
LOK |0 092   |o n 
LOK |0 852   |a DE-Tue135 
LOK |0 852 1  |9 00 
LOK |0 935   |a ixzs  |a ixzo 
LOK |0 939   |a 15-02-22  |b l01 
OAS |a 1 
ORI |a SA-MARC-ixtheoa001.raw 
REL |a 1 
SUB |a REL